Robust statistical methods

Αποθηκεύτηκε σε:
Λεπτομέρειες βιβλιογραφικής εγγραφής
Κύριος συγγραφέας: Rey, William J.J. 1940-
Μορφή: Βιβλίο
Γλώσσα:English
Δημοσίευση: Berlin : Springer-Verlag, 1978
Σειρά:Lecture notes in mathematics (Springer-Verlag) ; 690
Θέματα:
Ετικέτες: Προσθήκη ετικέτας
Δεν υπάρχουν, Καταχωρήστε ετικέτα πρώτοι!

MARC

LEADER 00000nam a2200000 i 4500
001 1/59893
008 941103s1978 eng d
020 |a 3-540-09091-6 
035 |a 1993  |l 10046157 
040 |a GR-MY-UA  |b gre  |e aacr 
041 0 |a eng 
082 0 |a 519.5 
100 1 |a Rey, William J.J.  |d 1940- 
245 1 0 |a Robust statistical methods /  |c William J. J. Rey 
260 |a Berlin :   |b Springer-Verlag,   |c 1978 
300 |a vi, 128 p.;  |c 25 cm. 
490 1 |a Lecture notes in mathematics (Springer-Verlag)  |v ; 690 
500 |a Includes index 
650 0 0 |a Robust statistics. 
830 0 |a Lecture notes in mathematics (Springer-Verlag)  |v ; 690 
852 |a INST  |b SAMOS  |e 19941103  |h 519.5 REY  |p 005300008276  |q 005300008276  |t BK  |y 0 
909 |a Σ  |b 028849